| 000 | 00503cam a2200217 4500 | ||
|---|---|---|---|
| 001 | B667 | ||
| 008 | 090401t1955 xxu||||| |||| 00| 0 eng d | ||
| 035 | _a(Sirsi) u37285 | ||
| 041 | _aeng | ||
| 050 | _a333.332 | ||
| 100 | _aMustoe, N.E. | ||
| 245 | 4 | _aThe complete valuation practice | |
| 250 | _a4th ed. | ||
| 260 |
_aLondon _bEstates Gazette _c1955 |
||
| 300 | _axix,395p. ; 21cm. | ||
| 350 | _a0 | ||
| 700 | _aEve, H.Brian | ||
| 700 | _aAnstey, Bryan | ||
| 942 | _n0 | ||
| 948 | _c04/03/1997 | ||
| 999 |
_c90463 _d90463 |
||